Jura Studium in Deutschland - Statistiken

Allgemein
  • Dieses Quiz wurde 123 mal gespielt
  • Das Durchschnittsergebnis liegt bei 24 aus 37
Antwortstatistiken
Bundesland Stadt % Korrekt
NRW Köln
94%
Bayern München
93%
Berlin Berlin
91%
Bremen Bremen
90%
Hessen Frankfurt am Main
87%
Hamburg Hamburg
87%
NRW Düsseldorf
86%
Sachsen Leipzig
85%
Baden-Württemberg Heidelberg
78%
Niedersachsen Hannover
77%
Schleswig-Holstein Kiel
76%
Rheinland-Pfalz Mainz
76%
Brandenburg Potsdam
74%
Bayern Augsburg
72%
Saarland Saarbrücken
72%
Baden-Württemberg Freiburg
69%
NRW Münster
69%
NRW Bochum
66%
NRW Bonn
66%
Baden-Württemberg Mannheim
65%
NRW Bielefeld
60%
Bayern Würzburg
60%
Thüringen Jena
56%
Niedersachsen Osnabrück
53%
Niedersachsen Göttingen
52%
Baden-Württemberg Tübingen
52%
Bayern Passau
51%
Bayern Regensburg
51%
Bayern Bayreuth
50%
Bayern Erlangen
47%
Hessen Gießen
45%
Mecklenburg-Vorpommern Greifswald
44%
Hessen Marburg
43%
Rheinland-Pfalz Trier
41%
Brandenburg Frankfurt (Oder)
34%
Baden-Württemberg Konstanz
33%
Sachsen-Anhalt Halle (Saale)
23%
Keine übereinstimmenden Quizze gefunden
Verteilung der Resultate
Anzahl Personen mit jedem Resultat
Perzentil nach korrekt beantworteten Fragen
Ihre Resultats-Entwicklung
Sie haben dieses Quiz noch nicht gespielt